Ancient egypt (Record no. 36063)

MARC details
000 -LEADER
fixed length control field 00746nam a2200277 i 4500
001 - CONTROL NUMBER
control field C2-0123543
003 - CONTROL NUMBER IDENTIFIER
control field PPAK
005 - DATE AND TIME OF LATEST TRANSACTION
control field 20180727114445.0
008 - FIXED-LENGTH DATA ELEMENTS--GENERAL INFORMATION
fixed length control field 970825s1985 enka|||| ||||| | eng d
020 ## - INTERNATIONAL STANDARD BOOK NUMBER
International Standard Book Number 0241116767
040 ## - CATALOGING SOURCE
Original cataloging agency PPAK
Language of cataloging eng
Transcribing agency PPAK
Description conventions rda
082 04 - DEWEY DECIMAL CLASSIFICATION NUMBER
Classification number 932
Edition number 23
090 00 - LOCALLY ASSIGNED LC-TYPE CALL NUMBER (OCLC); LOCAL CALL NUMBER (RLIN)
Classification number (OCLC) (R) ; Classification number, CALL (RLIN) (NR) 932
Feature heading STE
Feature heading K
Classification number (OCLC) (R) ; Classification number, CALL (RLIN) (NR) 932
Feature heading STE
Feature heading R
100 1# - MAIN ENTRY--PERSONAL NAME
Personal name Stead, Miriam,
Relator term author
245 10 - TITLE STATEMENT
Title Ancient egypt
264 #1 - PRODUCTION, PUBLICATION, DISTRIBUTION, MANUFACTURE, AND COPYRIGHT NOTICE
Place of production, publication, distribution, manufacture London :
Name of producer, publisher, distributor, manufacturer Hamish Hamilton ,
Date of production, publication, distribution, manufacture, or copyright notice 1985
300 ## - PHYSICAL DESCRIPTION
Extent 32 pages :
Other physical details colour illustrations ;
Dimensions 27 cm
336 ## - CONTENT TYPE
Source rdacontent
Content type term text
337 ## - MEDIA TYPE
Source rdamedia
Media type term unmediated
338 ## - CARRIER TYPE
Source rdacarrier
Carrier type term volume
490 1# - SERIES STATEMENT
Series statement Find out about
650 10 - SUBJECT ADDED ENTRY--TOPICAL TERM
Topical term or geographic name entry element Egypt - History - Juvenile literature
830 #0 - SERIES ADDED ENTRY--UNIFORM TITLE
Uniform title Find out about
942 ## - ADDED ENTRY ELEMENTS (KOHA)
-- dc
Koha item type Book
Holdings
Withdrawn Not for loan Current library Shelving location Date acquired Total Checkouts Full call number Barcode Date last seen Date last checked out Koha item type
    Perpustakaan Alor Setar Pinjaman Kanak-kanak 25/08/1997   K 932 STE A00054767 08/05/2018   Book
    Perpustakaan Awam Sungai Petani Pinjaman Kanak-kanak 06/01/2004 2 K 932 STE A00439300 24/06/2023 10/06/2023 Book
    Perpustakaan Kulim Pinjaman Kanak-kanak 08/02/2004   K 932 STE A00326890 08/05/2018   Book
  Not For Loan Perpustakaan Langkawi Rujukan Dewasa 16/11/2005   R 932 STE A00357171 08/05/2018   Book